LIBRARY & INFORMATION CENTRE, KCAET, TAVANUR

ONLINE PUBLIC ACCESS CATALOGUE (OPAC)

Normal view MARC view
  • Nargees K

Entry Personal Name

Number of records used in: 1

001 - CONTROL NUMBER

  • control field: 4928

003 - CONTROL NUMBER IDENTIFIER

  • control field: OSt

005 - DATE AND TIME OF LATEST TRANSACTION

  • control field: 20210906103017.0

008 - FIXED-LENGTH DATA ELEMENTS

  • fixed length control field: 210906|| aca||aabn | a|a d

040 ## - CATALOGING SOURCE

  • Original cataloging agency: OSt
  • Transcribing agency: OSt

100 ## - HEADING--PERSONAL NAME

  • Personal name: Nargees K

670 ## - SOURCE DATA FOUND

  • Source citation: Work cat.: (OSt): Afrad Hasan 4926, Performance evaluation of coloured plastic mulch and drip irrigation of Brinjal under open field condition, 2021
free website counter